00626nam a22002057a 450000100060000000300080000600500170001400800410003103500190007204000260009104100080011708200220012510000280014724500760017525000170025126000580026830000330032665000270035970000340038686019BD-RjUL20251202143234.0251202r19531937enk||||| |||| 00| 0 eng d a(BD-RjUL)86019 aBD-RjULbengcBD-RjUL aeng 223a871bCAL 1953 aCarus, Titus Lucretius  aLucretius :bDe rerum natura /cTitus Lucretius Carus ; W. H. D. Rouse. a3rd rev. ed. aLondon :bWilliam Heinemann, c1947, [reprinted 1953] axxi, 537, 9 pages ; c17 cm. aDidactic poetry, Latin aRouse, W. H. D. (Translator)